Statystyki dla W którym z klubów nie grał dany piłkarz? #2

Kliknij tutaj aby rozwiązać quiz!

Ogólne statystyki

  • Ten quiz został rozwiązany 14 razy
  • Średni wynik to 14 z 25

Statystyki odpowiedzi

ZagadnienieOdpowiedź% Poprawnych
Raul JimenezCardiff City
86%
Ousmane DembéléOM
86%
Juan Sebastián VerónArsenal
79%
Antonio RüdigerBorrusia Mochengladbach
79%
MarceloSantos
79%
Jakub BłaszczykowskiAS Roma
71%
Maciej RybusDynamo Moskwa
71%
Dusan TadićFK Partizan
71%
Joao FelixSporting
71%
Harry MaguireBirmingham City
64%
Andriy ShevchenkoSzachtar Donieck
57%
Edgar DavidsChelsea
50%
Romelu LukakuClub Brugge
50%
Hakan ÇalhanoğluKonyaspor
50%
Wilfried ZahaSunderland
50%
Jacek KrzynówekFreiburg
43%
Alisson BeckerGremio
43%
DecoLos Angeles Galaxy
43%
David AlabaRB Salzburg
43%
Raphaël GuerreiroVitoria Guimarães
43%
Florent MaloudaOM
36%
Ruud van NistelrooyAjax
29%
Lothar MatthäusFC Koln
29%
Ruud GullitWillem II
29%
Kamil PiatkowskiZagłębie Sosnowiec
29%

Rozkład punktacji

Percentyl według liczby udzielonych odpowiedzi

Procent ludzi z każdym wynikiem

Twoja historia wyników

Nie rozwiązałeś tego quizu